Etika v podnikaní

Guardado en:
Detalles Bibliográficos
Autor principal: Manová, Eva, 1957-
Formato: Capítulo de libro
Lenguaje:eslovaco
Materias:
Etiquetas: Agregar Etiqueta
Sin Etiquetas, Sea el primero en etiquetar este registro!

MARC

LEADER 00000naa$a2200000$$$4500
001 0260784
005 20240502074132.6
041 0 |a slo 
044 |a SK 
245 1 0 |a Etika v podnikaní  |c Eva Manová 
500 |a abstrakt 
610 2 0 |a etika 
610 2 0 |a podnikanie 
610 2 0 |a morálka 
610 2 0 |a zodpovednosť spoločenská 
100 1 |a Manová, Eva, 1957-